Регионална библиотека "Любен Каравелов" - Русе

Детска и педагогическа психология (Запис номер 186996)

MARC детайли
000 -Лидер
Контролно поле с фиксирана дължина nam a22 a 4500
003 - Код на организацията, давaща контролен номер
Контролно поле BLK
005 - Дата и час на последна редакция
Контролно поле 20220603143903.0
008 - Елементи от данни с фиксирана дължина
fixed length control field 180411b bul|||||r ||||||| ||bul||
010 ## - Наследен системен номер
LC control number KNG00196000000
040 ## - Източник на каталожния запис
Идентификатор на билиотеката - собственик на записа BLK
041 ## - Код за език
Код за езика на текст/звукозапис или на отделно заглавие Български
Код за езика КДБФ Български
080 ## - УДК
Текстов определител УДК Педагогическа психология
УДК код - определител по УДК 37.015.3
УДК определител (075.8)
УДК - код + определител 37.015.3(075.8)
080 ## - УДК
Текстов определител УДК Психология на детската възраст. Интелектуално развитие на децата. Психически особености. Детски представи, описани в разкази
УДК код - определител по УДК 159.922.7
УДК определител (075.8)
УДК - код + определител 159.922.7(075.8)
100 1# - Редна дума - Автор
Автор Пирьов, Генчо Димитров
Авторска отговорност първи автор
R(LIN) 364704
139 ## - Редно поле
Редна дума Пирьов, Генчо Димитров и др.
Авторски знак Пир - П 53
245 10 - Сведения за заглавието
Заглавие Детска и педагогическа психология
Подзаглавни данни Учебник за инст. за начални учители
Редно поле (дума) Генчо Димитров Пирьов; съавт. Стоян Желев; съавт. Иван Нетов.
250 ## - Област на изданието
Сведения за изданието 4. изд.
257 ## - Страна на издаване
Страна на създаване/издаване България
260 ## - Област на издателските данни
Място на издаване, разпространение и проч. София
Име на издателя, разпространителя и проч. Нар. просв.
Година на издаване 1967
300 ## - Физическа характеристика
Страници 286 с.
Размери/Мащаб 20 см
380 ## - Жанр
Жанр Обществени науки
500 ## - Общи забележки
Забележка 1. изд. 1960. - 4 063 тир.
650 #4 - Допълнително описание по предмет – тема
Основно описание – тема или топоним Психология - учебници за ВУЗ
9 (RLIN) 241535
650 #4 - Допълнително описание по предмет – тема
Основно описание – тема или топоним Психология, детска
9 (RLIN) 260666
653 ## - Ключова дума – ненормативна
Ключова дума педагогическа психология
653 ## - Ключова дума – ненормативна
Ключова дума детска психология
700 1# - Други автори (авторска отговорност)
Лично име Желев, Стоян
Автороска отговорност (Описва отношението между автора и произведението) съавт.
9 (RLIN) 382558
700 1# - Други автори (авторска отговорност)
Лично име Нетов, Иван
Автороска отговорност (Описва отношението между автора и произведението) съавт.
9 (RLIN) 381663
852 ## - Местоположение
Форматна сигнатура Цб 40190
Фондова буква Хранилище
856 4# - Електронен адрес и достъп
Електронен формат pdf - файл
856 4# - Електронен адрес и достъп
Електронен формат pdf - файл
999 ## - СИСТЕМНИ КОНТРОЛНИ НОМЕРА
Koha biblionumber 186996
Koha biblioitemnumber 186996
942 ## - АРТИКУЛИ
Вид на библиотечния материал Книги
Скрит в OPAC Не
Koha issues (borrowed), all copies 2
Периодичен библиозапис Да
944 ## - СЪЗДАВАНЕ И РЕДАКЦИЯ на ЗАПИСА
Създаване/Редакция Създаване
Дата на регистрацията/редакция 14.11.2016
Служител, извършил регистрацията/редакцията Кети_Илиева
944 ## - СЪЗДАВАНЕ И РЕДАКЦИЯ на ЗАПИСА
Създаване/Редакция Редакция
Дата на регистрацията/редакция 15.11.2016
Служител, извършил регистрацията/редакцията Кети_Илиева
Наличности
Код за отписване Код за изгубен артикул Източник на класификационната схема Код за повреда Коз за рестрикции Код за отдаване Артикулен № Име на библиотеката - собственик Име на библиотеката, в която се намира в момента Статус (Текущо местоположение) Дата на вписване в системата Местоположение - отдел Цена в лева Инвентарен номер Систематично азбучна сигнатура Баркод Номер на екземпляра Цена в евро Служебна бележка Служебен тип на артикула
  Не е изгубен Universal Decimal Classification Не е повреден само за читалня ползва се в читалня 326145 Регионална библиотека "Любен Каравелов" Русе Регионална библиотека "Любен Каравелов" Русе Хранилище 1967-01-01 Хранилище 0.90 1414/67 Цб 40190 900000098976 1 0.46 Вид: Сф Дата: 01.01.1967 Книги
Изтеглен Не е изгубен Universal Decimal Classification Не е повреден без рестрикции заемане за дома 326146 Регионална библиотека "Любен Каравелов" Русе Регионална библиотека "Любен Каравелов" Русе Заемна - подръчен фонд 1967-01-01 Заемна - подръчен фонд 0.00 3114/67 П 37.015.3/П 53 3114/67 2 0.00 Вид: Сф Дата: 01.01.1967 Книги
Изтеглен Не е изгубен Universal Decimal Classification Не е повреден без рестрикции заемане за дома 326147 Регионална библиотека "Любен Каравелов" Русе Регионална библиотека "Любен Каравелов" Русе Заемна - подръчен фонд 1967-01-01 Заемна - подръчен фонд 0.90 3115/67 П 37.015.3/П 53 3115/67 3 0.46 Вид: Сф Дата: 01.01.1967 Дата инв: 08.02.2018 Бележки инв: П2018 Книги
Изтеглен Не е изгубен Universal Decimal Classification Не е повреден без рестрикции заемане за дома 326148 Регионална библиотека "Любен Каравелов" Русе Регионална библиотека "Любен Каравелов" Русе Заемна - подръчен фонд 1967-01-01 Заемна - подръчен фонд 0.00 3118/67 П 37.015.3/П 53 3118/67 4 0.00 Вид: Сф Дата: 01.01.1967 Книги
Vip Innovations Ltd, Rousse, Bulgaria 2025